01075cam a2200277 4500001001300000003000400013005001700017008004100034010002300075040004000098043001200138050002200150051002600172082001900198100003000217245018300247260007200430300003800502490003500540504002600575650004600601700004500647740004900692830003900741999001700780gs 68000334 DLC20260227111423.0690605s1968 dcuab b 00010 eng c ags 68000334 //r892 aU.S. Geological Survey LibrarydDLC an-us-nv0 aQE75b.C5 no. 606 aTN24.N3bE58cCopy 2. a553/.4/097933210aElliott, James E.,d1934-10aAnomalous concentrations of gold, silver, and other metals in the Mill Canyon area, Cortez quadrangle, Eureka and Lander Counties, Nevada,cby James E. Elliott and John D. Wells.0 aWashington,b[U.S. Dept. of the Interior, Geological Survey]c1968. aiii, 20 p.billus., maps.c26 cm.1 aGeological Survey circular 606 aBibliography: p. 7-8. 0aOre depositszNevadazMill Canyon region.10aWells, John David,d1926-ejoint author. 1aMill Canyon area, Cortez quadrangle, Nevada. 0aGeological Survey circular ;v606. c30535d30535